[Event "IND-ch U19"]
[Site "Pune"]
[Date "2022.07.13"]
[Round "3"]
[White "Vrashank, Chouhan"]
[Black "Afreed, T Khan"]
[Result "1-0"]
[WhiteElo "1908"]
[BlackElo "1633"]
[PlyCount "63"]
[EventDate "2022.07.12"]
[EventType "swiss"]
[EventRounds "11"]
[EventCountry "IND"]
[SourceTitle "EXT 2023"]
[Source "ChessBase"]
[SourceDate "2022.10.05"]
[SourceVersion "1"]
[SourceVersionDate "2022.10.05"]
[SourceQuality "1"]

1. d4 Nf6 2. c4 g6 3. Nc3 Bg7 4. e4 d6 5. Be2 0-0 6. Be3 e5 7. d5 a5 8. g4 Na6 9. g5 Ne8 10. h4 f5 11. gxf6 Qxf6 12. Qd2 Nc5 13. 0-0-0 c6 14. h5 cxd5 15. cxd5 g5 16. Bxg5 Qxf2 17. Be3 Qf7 18. Nf3 Bd7 19. Rdg1 Kh8 20. Nh4 Qe7 21. Bg5 Bf6 22. Bh6 Ng7 23. Rg2 b5 24. Rhg1 Rf7 25. Ng6+ hxg6 26. hxg6 Rff8 27. Be3 Ne8 28. Bxc5 dxc5 29. d6 Bg5 30. Rxg5 Qg7 31. Rh5+ Kg8 32. Qd5+ 1-0